| 000 | 00357nam a22001577a 4500 | ||
|---|---|---|---|
| 003 | CEME | ||
| 005 | 20210628203258.0 | ||
| 008 | 210125b xxu||||| |||| 00| 0 eng d | ||
| 040 | _c. | ||
| 082 | _a621.3848 LAA | ||
| 100 |
_aPDF _956879 |
||
| 245 | _aOPERATION MANUAL LAADS RADAR | ||
| 260 |
_aRAWALPINDI _bPDF _c2008 |
||
| 300 | _aPDF | ||
| 942 |
_cBK _2ddc |
||
| 999 |
_c572940 _d572940 |
||